| 000 | 00493 a2200229 4500 | ||
|---|---|---|---|
| 260 | _aNew-York | ||
| 100 | _aBAVER, Léonard David | ||
| 700 | _aGARDNER, Walter H. | ||
| 700 | _aGARDNER, Wilford R. | ||
| 260 | _bWiley | ||
| 245 | _aSoil physics | ||
| 300 | _aXX, 498 p. | ||
| 260 | _c1972 | ||
| 300 | _bill. ; 23 cm | ||
| 130 | _lAn. | ||
| 035 | _a380 | ||
| 250 | _a4e éd. | ||
| 500 | _aIncludes bibliographies | ||
| 999 |
_c11539 _d11539 |
||